| 000 | 00381nam a22001217a 4500 | ||
|---|---|---|---|
| 005 | 20260420093234.0 | ||
| 008 | 260420b |||||||| |||| 00| 0 eng d | ||
| 100 | _aConsidine M. Douglas | ||
| 245 |
_aProcess Instruments and Controls Handbook _c/Douglas M. Considine |
||
| 260 |
_aNew York; _bMcGraw-Hill Book Company,Inc; _c1957 |
||
| 300 |
_axxiii,13-48p.ill; _c23cm |
||
| 942 |
_2ddc _cBK _n0 |
||
| 999 |
_c225 _d225 |
||